Miasta w Arabii Saudyjskiej - nagła śmierć - Statystyki

Ogólne statystyki
  • Ten quiz został rozwiązany 37 razy
  • Średni wynik to 6 z 12
Answers on the Grid
Answers color-coded by a green-red scale on the quiz's grid according to % correct below.
Rijad
Dżudda
Mekka
Medyna
Ad-Dammam
Al-Hufuf
Ha'il
Nadżran
At-Ta'if
Tabuk
Burajda
Abha
Salala
Doha
Suhar
Szardża
Matrah
Nizwa
Manama
Hawalli
 
Statystyki odpowiedzi
Odpowiedź % Poprawnych
Medyna
80%
Mekka
80%
Rijad
80%
Dżudda
68%
Ad-Dammam
48%
Al-Hufuf
48%
At-Ta'if
48%
Ha'il
36%
Abha
32%
Tabuk
28%
Burajda
24%
Nadżran
16%
Nie znaleziono quizów pasujących do podanych kryteriów
Rozkład punktacji
Procent ludzi z każdym wynikiem
Percentyl według liczby udzielonych odpowiedzi
Twoja historia wyników
Nie rozwiązałeś tego quizu